[Event "4. SwissR4-J1"]
[Site "http://www.queenalice.com/game.php?id=1026579"]
[Date "2012.2.5"]
[Round "-"]
[White "eductx"]
[Black "Newcobos"]
[Result "1/2-1/2"]
[WhiteElo "2156"]
[BlackElo "2101"]

1. Nf3 c5 2. c4 Nf6 3. e3 Nc6 4. d4 cxd4 5. exd4 d5 6. Nc3 Bg4 7. Bf4 dxc4 8. d5
Nb4 9. Qa4+ Qd7 10. Qxd7+ Bxd7 11. O-O-O b5 12. Ne5 Ng4 13. Nxd7 Kxd7 14. Bg3 a6
15. a3 Nd3+ 16. Bxd3 cxd3 17. Rxd3 Rc8 18. Re1 g6 19. f3 Nh6 20. Be5 f6 21. Bf4
Nf5 22. g4 Nd6 23. b3 Bg7 24. Rde3 Rhe8 25. Bxd6 exd6 26. Rxe8 Rxe8 27. Rxe8
Kxe8 28. Ne4 Ke7 29. Kc2 f5 30. Ng5 Be5 31. Nxh7 Bxh2 32. Ng5 Bg1 33. gxf5 gxf5
34. Ne6 Bb6 35. Kc3 Kf6 36. f4 Ba5+ 37. b4 Bb6 38. a4 bxa4 39. Kb2 Ke7 40. Ka3
Kf6 41. Kxa4 Ke7 42. b5 axb5+ 43. Kxb5 Be3 44. Kc6 Bc1 45. Nd4 Bxf4 46. Nxf5+
Kd8 47. Nxd6 Bh2 48. Nf5 1/2-1/2

[Event "AUTO-MASTER-2168"]
[Site "http://www.queenalice.com/game.php?id=1313012"]
[Date "2014.10.6"]
[Round "1"]
[White "eductx"]
[Black "teddy"]
[Result "1-0"]
[WhiteElo "2139"]
[BlackElo "1962"]

1. Nf3 Nf6 2. c4 c5 3. Nc3 Nc6 4. d4 e6 5. d5 exd5 6. cxd5 Nb8 7. e4 d6 8. Bf4
Be7 9. Be2 O-O 10. O-O Nbd7 11. Qc2 Re8 12. a4 Nf8 13. Nd2 Ng6 14. Bg3 a5 15.
Nc4 b6 16. Qb3 Ba6 17. f3 Bxc4 18. Bxc4 Bf8 19. Bb5 Nd7 20. Bc6 Ra7 21. Nb5 Qb8
22. Nxa7 Qxa7 23. Rae1 Rc8 24. f4 1-0

[Event "AUTO-MASTER-2168"]
[Site "http://www.queenalice.com/game.php?id=1313027"]
[Date "2014.10.6"]
[Round "1"]
[White "eductx"]
[Black "Arthur0007"]
[Result "1-0"]
[WhiteElo "2157"]
[BlackElo "2041"]

1. Nf3 Nf6 2. c4 c5 3. e3 e6 4. d4 d5 5. Nc3 cxd4 6. exd4 Be7 7. cxd5 Nxd5 8.
Bd3 O-O 9. O-O a6 10. Re1 Nc6 11. a3 b5 12. Qc2 Bb7 13. Bxh7+ Kh8 14. Be4 g6 15.
Bh6 Rg8 16. Rad1 Bf8 17. Qc1 Bg7 18. Ng5 Rf8 19. Bxg6 fxg6 20. Bxg7+ Kg8 21.
Nxe6 1-0

[Event "AUTO-MASTER-2168"]
[Site "http://www.queenalice.com/game.php?id=1313028"]
[Date "2014.10.6"]
[Round "1"]
[White "Arthur0007"]
[Black "eductx"]
[Result "1/2-1/2"]
[WhiteElo "2036"]
[BlackElo "2161"]

1. e4 e5 2. Nf3 Nf6 3. Nxe5 d6 4. Nf3 Nxe4 5. d4 d5 6. c3 Bd6 7. Be2 O-O 8. O-O
Nd7 9. Bd3 Ndf6 10. h3 Re8 11. Be3 c6 12. Nbd2 Bf5 13. Ng5 Nxc3 14. bxc3 Bxd3
15. Re1 Ne4 16. Ndxe4 dxe4 17. Qh5 Qf6 18. Qxh7+ Kf8 19. Qh5 Kg8 20. Nh7 Qe6 21.
Ng5 Qf6 1/2-1/2

[Event "AUTO-MASTER-2168"]
[Site "http://www.queenalice.com/game.php?id=1313029"]
[Date "2014.10.6"]
[Round "1"]
[White "eductx"]
[Black "vivafischer"]
[Result "0-1"]
[WhiteElo "2166"]
[BlackElo "2101"]

1. Nf3 e6 2. e4 d5 3. Nc3 Nf6 4. e5 Nfd7 5. d4 c5 6. dxc5 Nc6 7. Bf4 Bxc5 8. Bd3
a6 9. O-O b5 10. a3 Bb7 11. Re1 Qb6 12. Qd2 O-O-O 13. b4 Be7 14. Ne2 h6 15. h3
g5 16. Bg3 Rdg8 17. c3 h5 18. Ned4 h4 19. Bh2 g4 20. hxg4 Rxg4 21. Nf5 exf5 22.
Bxf5 Rg7 23. Bxd7+ Kxd7 24. Qxd5+ Kc8 25. Rad1 Rd8 26. Qe4 Nd4 27. Qc6+ Nxc6 0-1

[Event "AUTO-MASTER-2168"]
[Site "http://www.queenalice.com/game.php?id=1313030"]
[Date "2014.10.6"]
[Round "1"]
[White "vivafischer"]
[Black "eductx"]
[Result "1-0"]
[WhiteElo "2115"]
[BlackElo "2152"]

1. d4 d5 2. c4 e6 3. Nc3 Nf6 4. cxd5 exd5 5. Bg5 Be7 6. e3 O-O 7. Qc2 Nc6 8. a3
Re8 9. Bd3 h6 10. Bh4 Bg4 11. f3 Bh5 12. Nge2 Qd7 13. Nf4 g5 14. Nxh5 Nxh5 15.
Bf2 Bf6 16. O-O Ne7 17. Rad1 Rad8 18. Ne2 Nc6 19. g4 Ng7 20. Ng3 Ne7 21. Kh1 c6
22. b4 Rc8 23. Qa4 b6 24. Rc1 Rc7 25. Rc2 Ra8 26. Rfc1 a6 27. Kg2 b5 28. Qb3 Ne6
29. Nf5 Nxf5 30. Bxf5 Qd6 31. Bg3 1-0

[Event "X-E-1-1-R2-J4"]
[Site "http://www.queenalice.com/game.php?id=1324187"]
[Date "2014.11.25"]
[Round "-"]
[White "kalabric"]
[Black "eductx"]
[Result "0-1"]
[WhiteElo "1955"]
[BlackElo "2146"]

1. e4 e5 2. Nf3 Nf6 3. Nc3 Nc6 4. Bc4 Bc5 5. O-O d6 6. d3 Bg4 7. h3 Bh5 8. Bg5
h6 9. Bh4 g5 10. Bg3 Nd4 11. Nd5 c6 12. c3 Nxf3+ 13. gxf3 cxd5 14. Bb5+ Kf8 15.
h4 Nh7 16. hxg5 Qxg5 17. Kh1 Qf6 18. Kh2 Bxf3 19. Qe1 Qg6 0-1

[Event "X-E-1-1-R4-J4"]
[Site "http://www.queenalice.com/game.php?id=1324386"]
[Date "2014.11.26"]
[Round "-"]
[White "eductx"]
[Black "Newcobos"]
[Result "1-0"]
[WhiteElo "2164"]
[BlackElo "2227"]

1. Nf3 c5 2. c4 Nc6 3. d4 cxd4 4. Nxd4 g6 5. e4 Bg7 6. Be3 Nf6 7. Nc3 O-O 8. Be2
d6 9. O-O Bd7 10. Qd2 Ng4 11. Bxg4 Bxg4 12. f3 Bd7 13. Rad1 Rc8 14. Nxc6 Rxc6
15. b3 a6 16. Nd5 b5 17. cxb5 axb5 18. Bg5 Re8 19. Rc1 Qc8 20. Rxc6 Bxc6 21.
Nxe7+ Rxe7 22. Bxe7 d5 23. exd5 Qd7 24. d6 h5 25. Rd1 Kh7 26. Qc2 Bh6 27. Qc3
Bg7 28. Bf6 Bh6 29. Qe5 Qa7+ 30. Kh1 Qxa2 31. Qc3 Bd7 32. Ra1 Qe2 33. Qe1 Qc2
34. Ra8 Bg7 35. Bxg7 Kxg7 36. Qe5+ f6 37. Qe7+ Kh6 38. Rh8+ Kg5 39. Qe3+ Kf5 40.
g3 g5 41. Rxh5 Kg6 42. g4 Qd1+ 43. Kg2 Qxd6 44. Qe4+ f5 45. Qe3 Qf6 46. h3 Qb2+
47. Kf1 Qb1+ 48. Ke2 Qb2+ 49. Qd2 Qe5+ 50. Kf1 Qe7 51. h4 gxh4 52. Qh6+ Kf7 53.
Qh7+ Ke8 54. Qh8+ Qf8 55. Qe5+ Kf7 56. Rh7+ Kg6 57. Rxd7 fxg4 58. Qe6+ 1-0

[Event "X-E-1-1-R1-J1"]
[Site "http://www.queenalice.com/game.php?id=1333255"]
[Date "2015.1.6"]
[Round "-"]
[White "eductx"]
[Black "ebelote"]
[Result "1-0"]
[WhiteElo "2152"]
[BlackElo "1703"]

1. Nf3 d6 2. d4 Bg4 3. e4 e5 4. dxe5 Nc6 5. exd6 Bxd6 6. Be2 Nf6 7. Nc3 O-O 8.
O-O Bxf3 9. Bxf3 Nd4 10. Bg5 h6 11. Bh4 c6 12. Re1 Bb4 13. e5 g5 14. exf6 gxh4
15. Re4 Bc5 16. Rg4+ Kh8 17. Ne4 Nxf3+ 18. Qxf3 Bd4 19. Rxh4 Kh7 20. Qf5+ Kh8
21. Rxh6+ Kg8 22. Qh7# 1-0

[Event "X-E-1-1-R6-J3"]
[Site "http://www.queenalice.com/game.php?id=1340336"]
[Date "2015.2.9"]
[Round "-"]
[White "eductx"]
[Black "Jokerman2011"]
[Result "1-0"]
[WhiteElo "2155"]
[BlackElo "1106"]

1. Nf3 e6 2. e4 g6 3. d4 Bb4+ 4. c3 Ba5 5. Bg5 Ne7 6. Bf6 Rg8 7. Ng5 d6 8. Nxh7
Rh8 9. Bxh8 Nec6 10. Bf6 Ne7 11. Bg7 f6 12. Bxf6 Nbc6 13. Bb5 1-0

[Event "X-E-1-1-R7-J2"]
[Site "http://www.queenalice.com/game.php?id=1345161"]
[Date "2015.3.2"]
[Round "-"]
[White "fflores"]
[Black "eductx"]
[Result "0-1"]
[WhiteElo "1710"]
[BlackElo "2154"]

1. e4 e5 2. Nf3 Nf6 3. Nc3 Nc6 4. Bc4 Bc5 5. h3 d6 6. d3 Be6 7. Bxe6 fxe6 8. O-O
Qd7 9. Bg5 O-O-O 10. Na4 Bb6 11. Nxb6+ axb6 12. Bxf6 gxf6 13. Nd2 Rhg8 14. c3
Qg7 15. g4 h5 16. f3 f5 17. exf5 exf5 18. Qa4 hxg4 19. hxg4 fxg4 20. f4 g3 21.
fxe5 Qxe5 22. Rae1 Qh5 23. Re2 Qxe2 0-1

[Event "X-E-1-1-R7-J2"]
[Site "http://www.queenalice.com/game.php?id=1352740"]
[Date "2015.4.10"]
[Round "-"]
[White "fflores"]
[Black "eductx"]
[Result "0-1"]
[WhiteElo "1708"]
[BlackElo "2156"]

1. d4 d5 2. Nc3 c5 3. dxc5 d4 4. Nb5 Qa5+ 5. Qd2 Qxb5 6. Qxd4 Nc6 7. Qc3 e5 8.
e4 Qxc5 9. Qxc5 Bxc5 10. Nf3 Bg4 11. Be2 Nf6 12. Nd2 Bxe2 13. Kxe2 Ng4 14. f3
Nd4+ 15. Kf1 Ne3+ 16. Kf2 Nexc2 17. Rb1 Rd8 18. Kg3 Ne2+ 19. Kg4 h5+ 20. Kf5
Ne3+ 21. Kg5 Be7# 0-1

[Event "X-E-1-1-R10-J1"]
[Site "http://www.queenalice.com/game.php?id=1360246"]
[Date "2015.5.18"]
[Round "-"]
[White "ebelote"]
[Black "eductx"]
[Result "0-1"]
[WhiteElo "1687"]
[BlackElo "2157"]

1. e4 e5 2. Nf3 Nf6 3. Bc4 Nxe4 4. Nxe5 d5 5. Qf3 Nf6 6. Bxd5 Qxd5 7. Qxd5 Nxd5
8. c4 Nb4 9. Na3 Bd6 10. d4 Bxe5 11. dxe5 Nd3+ 12. Kd2 Nxf2 13. Rf1 Ng4 14. c5
Nxe5 15. Re1 f6 16. Nc4 Nc6 17. Kc2 Bf5+ 18. Kd1 O-O-O+ 19. Nd2 Nd4 20. Rf1 Bc2+
21. Ke1 Nd3# 0-1

[Event "X-E-1-1-R9-J3"]
[Site "http://www.queenalice.com/game.php?id=1360247"]
[Date "2015.5.18"]
[Round "-"]
[White "marreta7"]
[Black "eductx"]
[Result "0-1"]
[WhiteElo "1542"]
[BlackElo "2159"]

1. e4 e5 2. Nf3 Nf6 3. Qe2 Nc6 4. a3 Bc5 5. h3 O-O 6. Nc3 Re8 7. Qc4 d6 8. Ng5
Qe7 9. g4 Nd4 10. Qd3 c6 11. Na4 d5 0-1

[Event "X-E-1-1-R11-J4"]
[Site "http://www.queenalice.com/game.php?id=1361997"]
[Date "2015.5.27"]
[Round "-"]
[White "eductx"]
[Black "kalabric"]
[Result "1-0"]
[WhiteElo "2160"]
[BlackElo "1906"]

1. Nf3 Nf6 2. c4 Nc6 3. d4 d5 4. cxd5 Qxd5 5. Nc3 Qd8 6. d5 Nb4 7. Qa4+ c6 8.
Qxb4 cxd5 9. Bg5 e5 10. Qb5+ Qd7 11. Nxe5 Qxb5 12. Nxb5 Rb8 13. e4 Be7 14. Nc7+
Kf8 15. Bxf6 Bxf6 16. f4 dxe4 17. Bc4 Bxe5 18. fxe5 Bg4 19. O-O f6 20. exf6 gxf6
21. Rxf6+ Kg7 22. Raf1 Bh5 23. Ne6+ Kg8 24. Rf8+ Rxf8 25. Rxf8# 1-0

[Event "X-E-1-1-R16-J2"]
[Site "http://www.queenalice.com/game.php?id=1365671"]
[Date "2015.6.15"]
[Round "-"]
[White "eductx"]
[Black "fflores"]
[Result "1-0"]
[WhiteElo "2178"]
[BlackElo "1712"]

1. Nf3 Nc6 2. d4 d5 3. c4 Bf5 4. cxd5 Qxd5 5. Nc3 Qa5 6. d5 Nb4 7. e4 Bxe4 8.
Bc4 Nxd5 9. Bxd5 Bxd5 10. Qxd5 Qxd5 11. Nxd5 O-O-O 12. Nc3 f6 13. O-O e5 14. Be3
b6 15. Rac1 g5 16. Nb5 Kd7 17. Rxc7+ Ke6 18. Bxg5 a6 19. Na7 Bd6 20. Rb7 fxg5
21. Nxg5+ Kf5 22. Nf7 1-0

[Event "X-E-1-1-R18-J3"]
[Site "http://www.queenalice.com/game.php?id=1373774"]
[Date "2015.7.27"]
[Round "-"]
[White "eductx"]
[Black "marreta7"]
[Result "1-0"]
[WhiteElo "2180"]
[BlackElo "1537"]

1. Nf3 d5 2. c4 d4 3. b4 a6 4. Bb2 Nc6 5. b5 Na7 6. Nxd4 axb5 7. cxb5 h6 8. e3
b6 9. Bc4 Nf6 10. O-O Bg4 11. Qb3 e6 12. f3 Bh5 13. Ne2 Be7 14. Nf4 O-O 15. e4
Re8 16. e5 g5 17. Nxe6 Qc8 18. exf6 Bd8 19. Nxd8 Qxd8 20. Bd5 Qd7 21. Bxa8 Rxa8
22. a4 Bg6 23. Nc3 Qxd2 24. Nd5 c6 25. Rad1 Bc2 26. Ne7+ Kf8 27. Rxd2 Bxb3 28.
bxc6 Bxa4 29. c7 Bb5 30. Rd8+ Rxd8 31. cxd8=Q+ Be8 32. Nf5 Nc6 33. Ba3+ Kg8 34.
Qxe8+ Kh7 35. Qxf7+ Kh8 36. Qg7# 1-0

[Event "X-E-1-1-R13-J4"]
[Site "http://www.queenalice.com/game.php?id=1376187"]
[Date "2015.8.8"]
[Round "-"]
[White "Newcobos"]
[Black "eductx"]
[Result "1/2-1/2"]
[WhiteElo "2268"]
[BlackElo "2187"]

1. e4 e5 2. Nf3 Nf6 3. Nxe5 d6 4. Nf3 Nxe4 5. d4 d5 6. Bd3 Be7 7. O-O O-O 8. c4
c6 9. Nc3 Nxc3 10. bxc3 Be6 11. cxd5 cxd5 12. Qc2 h6 13. Bf4 Nc6 14. Rab1 Qc8
15. Rfe1 Bf6 16. Qe2 Na5 17. Bd2 Nc4 18. Bxc4 dxc4 19. Ne5 Bd5 20. Ng4 Bh4 21.
g3 Bd8 22. Ne3 Be4 23. Rb2 Bd3 24. Qf3 Rb8 25. Nd5 Qd7 26. Nb4 Bf5 27. Na6 Ra8
28. Nc5 Qc8 29. Qxb7 Bf6 30. Qxc8 Raxc8 31. Rb7 Rfd8 32. Ne4 Bxd4 33. cxd4 Rxd4
34. Nf6+ gxf6 35. Be3 Rd3 36. Rxa7 c3 37. Ra3 Kg7 38. Rc1 c2 39. Rxd3 Bxd3 40.
a4 Ra8 41. Ra1 Ra5 42. Bd2 Rd5 43. f4 Bb5 44. Bc1 Rd1+ 45. Kg2 Bc6+ 46. Kh3 Rg1
47. f5 Rd1 48. a5 h5 49. a6 Bf3 50. a7 Rh1 51. a8=Q Bxa8 52. Rxa8 Rxc1 53. Rc8
Kh6 54. Rc7 Kg5 55. Rc5 Re1 56. Rxc2 Kxf5 57. Rc4 Re4 58. Rxe4 Kxe4 59. Kh4 Kf3
60. Kxh5 Kg2 61. Kg4 Kxh2 62. Kf5 Kxg3 1/2-1/2